000 01120nam0a22002531 4500
001 rc\2635392
005 20260407085704.0
035 _a(NLR Aleph) 006798798
090 _a6221593
_c6221593
100 _a20110914d1932 |||y0rusy50 ca
101 0 _arus
102 _aRU
105 _ay z |||||
200 1 _aОб изменении коммерческих и средне-повышенных цен на некоторые товары
_eПостановление Нар. ком. снаб. СССР № 241. 19 мая 1932 г. [и др. материалы]
_fГос. объединение розничной торговли "ГОРТ"
210 _a[Самара]
_c5 тип. Транспечати НКПС
_d[1932]
215 _a30 с.
_d21х15 см.
710 0 1 _aСССР
_bНародный комиссариат снабжения
_9299828
_3RU\NLR\AUTH\8813413
712 0 2 _a"ГОРТ РСФСР", объединение
_cМосква
_9500575
_3RU\NLR\AUTH\8810001691
801 0 _aRU
_bNLR
_gpsbo
801 1 _aRU
_bELAR
_2rusmarc
852 _aNLR
_j32-10/4351
942 _cBOOK
980 _aNB